[Event "TUR Cup"]
[Site "Denizli"]
[Date "2023.07.22"]
[Round "9"]
[White "Ermemis, Kadir Efe"]
[Black "Cevizci, Yusuf Baran"]
[Result "0-1"]
[WhiteElo "1778"]
[BlackElo "2108"]
[PlyCount "116"]
[EventDate "2023.07.16"]
[EventType "team-tourn"]
[EventRounds "9"]
[EventCountry "TUR"]
[SourceTitle "CBM 215 Extra"]
[Source "ChessBase"]
[SourceDate "2023.09.30"]
[SourceVersion "1"]
[SourceVersionDate "2023.09.30"]
[SourceQuality "1"]

1. e4 e6 2. d4 d5 3. e5 c5 4. c3 Nc6 5. Nf3 Qb6 6. a3 a5 7. Bd3 Bd7 8. Bc2 Nge7 9. b3 cxd4 10. cxd4 Rc8 11. 0-0 Nf5 12. Bxf5 exf5 13. Be3 Be6 14. Nc3 Be7 15. Na4 Qd8 16. Qd2 h6 17. Ne1 b5 18. Nb2 b4 19. a4 Qb6 20. f4 Nb8 21. Rc1 Rxc1 22. Qxc1 0-0 23. Rf2 Rc8 24. Rc2 Rc3 25. Rxc3 bxc3 26. Qxc3 Bb4 27. Qc1 Bxe1 28. Qxe1 Qxb3 29. Qc1 Nc6 30. Kf2 Nb4 31. Ke2 Na2 32. Qd2 Nc3+ 33. Ke1 Bd7 34. Qc1 Na2 35. Qd2 Nb4 36. Ke2 Bxa4 37. Nxa4 Qxa4 38. Qc3 Qa2+ 39. Kf3 Qc2 40. Bd2 Qe4+ 41. Kg3 Nc2 42. Qxa5 Nxd4 43. Kf2 Qe2+ 44. Kg1 Nb3 45. Qc3 Qd1+ 46. Be1 Nd4 47. Kf2 Qe2+ 48. Kg1 Qe4 49. Qd2 Ne2+ 50. Kf1 Nxf4 51. Bg3 Ne6 52. Qc3 f4 53. Bf2 Kh7 54. Qb2 d4 55. Qb5 d3 56. Qb2 f3 57. gxf3 Qxf3 58. Qd2 Nf4 0-1

[Event "Ankara Baskent Univ op-B 5th"]
[Site "Ankara"]
[Date "2022.07.02"]
[Round "1"]
[White "Buke, Furkan"]
[Black "Ermemis, Kadir Efe"]
[Result "1-0"]
[WhiteElo "1979"]
[BlackElo "1530"]
[PlyCount "113"]
[EventDate "2022.07.02"]
[EventType "swiss"]
[EventRounds "9"]
[EventCountry "TUR"]
[SourceTitle "EXT 2023"]
[Source "ChessBase"]
[SourceDate "2022.10.05"]
[SourceVersion "1"]
[SourceVersionDate "2022.10.05"]
[SourceQuality "1"]

1. e4 c5 2. Nf3 e6 3. d4 cxd4 4. Nxd4 Nf6 5. Nc3 Nc6 6. Ndb5 Bc5 7. Nd6+ Ke7 8. Nxc8+ Rxc8 9. Bd3 d5 10. exd5 Nxd5 11. Ne4 Bd4 12. 0-0 f5 13. Ng5 h6 14. Nf3 Bf6 15. a3 Nb6 16. Re1 Kf7 17. c3 Re8 18. Qc2 Qc7 19. Be3 Nd5 20. Qb3 Rcd8 21. Rad1 Nxe3 22. Rxe3 Rd6 23. Rde1 g6 24. Bb1 Na5 25. Qa4 Nc4 26. R3e2 Nb6 27. Qc2 Qc6 28. Ba2 Nd5 29. Qc1 Kg7 30. c4 Nc7 31. Ne5 Bxe5 32. Rxe5 Red8 33. Qc3 Kf7 34. Qe3 Kg7 35. Qxa7 Rd2 36. Qa5 R8d7 37. Qc3 R7d3 38. Qb4 Kf7 39. Bb1 Rd4 40. b3 Rb2 41. R5e2 Rxe2 42. Rxe2 Qc5 43. Re1 Qxb4 44. axb4 Na6 45. b5 Nc5 46. Bc2 Rd2 47. Rc1 Nd3 48. Bxd3 Rxd3 49. Rb1 Rc3 50. Kf1 Rc2 51. Ra1 Rb2 52. Ra7 Rxb3 53. Rxb7+ Kf6 54. c5 Ke5 55. c6 Kd6 56. Rd7+ Kc5 57. c7 1-0